| 000 | 00467nam a2200157 a 4500 | ||
|---|---|---|---|
| 005 | 20140310183155.0 | ||
| 008 | 030425s19uu xx 00 eng d | ||
| 050 |
_aQA 76.5 _b.In4886 1986 |
||
| 245 |
_aIntelligent machinery : _btheory and practice / _cedited by Ian Benson. |
||
| 260 |
_aGreat Britain : _bCambridge University Press, _c1986. |
||
| 300 |
_a168 p. : _bill. ; _c23 cm. |
||
| 521 | _aIT | ||
| 650 | _aMachinery. | ||
| 942 |
_cBK _2lcc _kFOR |
||
| 999 |
_c19735 _d19735 |
||